Generator Puzzle #40½ - Statistics

General Stats
  • This quiz has been taken 402 times
  • The average score is 17 of 25
Answer Stats
hint answer % Correct
Dad's partner ma
99%
myself me
97%
one a
95%
wipe your feet on one mat
95%
not coffee tea
93%
thank you ta
91%
in, on or near at
87%
5th 4-letter word TEAM
83%
devour eat
81%
___-o'-shanter tam
78%
encountered met
77%
devoured ate
76%
1st 4-letter word MATE
76%
2nd 4-letter word MEAT
75%
bank cash dispenser ATM
72%
morning AM
68%
French for and et
63%
4th 4-letter word TAME
61%
print type size em
39%
3rd 4-letter word META
39%
η eta
29%
Scottish for more mae
27%
Scottish for to tae
26%
__ Kosciuszko Mt
24%
Scottish for one ae
22%
No matching quizzes found
Score Distribution
Percent of People with Each Score
Percentile by Number Answered
Your Score History
You have not taken this quiz